LEADER 00978nam a2200265 i 4500 001 991000521349707536 005 20020503182804.0 008 990323s1984 it ||| | ita 020 $a8834805909 035 $ab10089871-39ule_inst 035 $aLE02517573$9ExL 040 $aFac. Economia$bita 082 0 $a510 100 1 $aGuerraggio, Angelo$039397 245 10$aEsercizi di matematica :$bd.e.s. /$cAngelo Guerraggio 260 $aTorino :$bGiappichelli,$c[1984] 300 $a366 p. ;$c24 cm 650 4$aMatematica$vEsercizi 907 $a.b10089871$b02-02-16$c27-06-02 912 $a991000521349707536 945 $aLE025 ECO 510 GUE01.01$g1$i2025000057043$lle025$o-$pE0.00$q-$rl$s- $t0$u2$v0$w2$x0$y.i10104446$z27-06-02 945 $aLE025 ECO 510 GUE01.01$g2$i2025000111219$lle025$o-$pE0.00$q-$rl$s- $t0$u6$v0$w6$x0$y.i1492688x$z06-02-09 996 $aEsercizi di matematica$9196551 997 $aUNISALENTO 998 $ale025$b01-01-99$cm$da $e-$fita$git $h0$i1 LEADER 02904nam 22006254a 450 001 9910785031803321 005 20230620165718.0 010 $a1-282-66334-8 010 $a9786612663345 010 $a90-272-8768-6 035 $a(CKB)2670000000034052 035 $a(SSID)ssj0000418596 035 $a(PQKBManifestationID)11261467 035 $a(PQKBTitleCode)TC0000418596 035 $a(PQKBWorkID)10370828 035 $a(PQKB)11310145 035 $a(MiAaPQ)EBC622608 035 $a(Au-PeEL)EBL622608 035 $a(CaPaEBR)ebr10402751 035 $a(CaONFJC)MIL266334 035 $a(OCoLC)655829563 035 $a(EXLCZ)992670000000034052 100 $a20081217h20092009 uy 0 101 0 $aeng 135 $aurcn||||||||| 181 $ctxt$2rdacontent 182 $cc$2rdamedia 183 $acr$2rdacarrier 200 00$aGermanic languages and linguistic universals /$feditors, John Ole Askedal, Ian Roberts, Tomonori Matsushita, Hiroshi Hasegawa 210 1$aAmsterdam ;$aPhiladelphia :$cJohn Benjamins Pub. Company,$d2009. 210 4$aŠ2009 215 $a1 online resource (212 pages) $cillustrations 225 1 $aThe development of the Anglo-Saxon language and linguistic universals,$x1877-3451 ;$vv. 1 300 $aBibliographic Level Mode of Issuance: Monograph 311 0 $a90-272-1068-3 320 $aIncludes bibliographical references and index. 327 $aSome general evolutionary and typological characteristics of the Germanic languages / John Ole Askedal -- Characteristics of Germanic languages / Tadao Shimomiya -- Old English pronouns for possession / Yasuaki Fujiwara -- Reflexive binding as agreement and its locality conditions within the phase system / Hiroshi Hasegawa -- Movement in the passive nominal : a morphological analysis / Junji Hamamatsu -- On tritransitive verbs / Ryohei Mita -- On the cognitive dependence phenomena observed in English expressions / Shuichi Takeda -- On pronoun referents in English / Hiromi Azuma -- Relative and interrogative who/whom in contemporary professional American English / Yoko Iyeiri and Michiko Yaguchi -- New functions of FrameSQL for multilingual FrameNets / Hiroaki Sato. 410 0$aDevelopment of the Anglo-Saxon language and linguistic universals ;$vv. 1. 606 $aGermanic languages$xGrammar 606 $aLinguistic universals 606 $aEnglish language$xGrammar 606 $aEnglish language$yOld English, ca. 450-1100 615 0$aGermanic languages$xGrammar. 615 0$aLinguistic universals. 615 0$aEnglish language$xGrammar. 615 0$aEnglish language 676 $a430/.045 701 $aAskedal$b John Ole$f1942-$0224046 801 0$bMiAaPQ 801 1$bMiAaPQ 801 2$bMiAaPQ 906 $aBOOK 912 $a9910785031803321 996 $aGermanic languages and linguistic universals$93803465 997 $aUNINA